000 00475nam a2200193Ia 4500
003 OSt
005 20260325093938.0
008 250729s2007 xx 000 0 und d
020 _a978-9325976146
040 _cAL
041 _aeng
082 _a370.15 AGGE
100 _aJ C Aggarwal
_9230469
245 _aEssential of educational psychology
260 _aDelhi
_bVikas Publishing House
_c2007
300 _a596p
650 _aPsychology
_9230470
942 _2ddc
_cBED
999 _c238797
_d238797